| 000 | 00376nam a22001217a 4500 | ||
|---|---|---|---|
| 005 | 20220328142158.0 | ||
| 008 | 210413b ||||| |||| 00| 0 eng d | ||
| 020 | _a9781138673526 | ||
| 040 | _cCML | ||
| 245 |
_aElectrical And Electronic Principles And Technology _cBird John |
||
| 260 |
_aNew York _bRoutledge _c2017 |
||
| 942 |
_2ddc _cBK _e6th Edition _h612.3 _mBIR |
||
| 999 |
_c3845 _d3845 |
||